[Event "10. Open Internacional de Galapagar"]
[Site "Galapagar ESP"]
[Date "2009.07.23"]
[Round "6.27"]
[White "Cerrato Torrijos, Maria"]
[Black "Nieto Esteban, Manuel"]
[Result "1-0"]
[WhiteElo "1992"]
[BlackElo "1809"]
[PlyCount "89"]
[EventDate "2009.07.18"]
[EventType "swiss"]
[EventRounds "9"]
[EventCountry "ESP"]
[Source "lmi"]
[SourceDate "2009.07.18"]

1. e4 e5 2. Bc4 Nf6 3. d3 Bc5 4. Nf3 Nc6 5. c3 d5 6. exd5 Nxd5 7. Qb3 Be6 8.
Qxb7 Nde7 9. Bxe6 fxe6 10. Qb5 Qd5 11. Qc4 O-O 12. Qxd5 exd5 13. O-O Ng6 14. b4
Bb6 15. a4 a5 16. b5 Nd8 17. Ba3 Rf5 18. c4 dxc4 19. dxc4 Ne6 20. Nc3 Rf4 21.
Nd2 Rd4 22. Nce4 Rad8 23. Ra2 Ngf4 24. Rc2 Nd3 25. c5 Ndxc5 26. Nxc5 Nxc5 27.
Bxc5 Rxd2 28. Rc4 Kf7 29. f4 e4 30. Bxb6 cxb6 31. Rxe4 R2d4 32. Rfe1 R8d6 33.
Kf2 Rd2+ 34. Kf3 R2d3+ 35. R1e3 Rd2 36. Rc4 R2d5 37. Rc7+ Rd7 38. Rc6 R7d6 39.
Rec3 Ke6 40. Rxd6+ Rxd6 41. Ke4 g6 42. g4 Rd2 43. Rc6+ Rd6 44. f5+ gxf5+ 45.
gxf5+ 1-0

[Event "10. Open Internacional de Galapagar"]
[Site "Galapagar ESP"]
[Date "2009.07.23"]
[Round "6.28"]
[White "De Armentia Roldan, Benigno"]
[Black "Collado Barbas, Alberto"]
[Result "1/2-1/2"]
[WhiteElo "1860"]
[BlackElo "1986"]
[PlyCount "50"]
[EventDate "2009.07.18"]
[EventType "swiss"]
[EventRounds "9"]
[EventCountry "ESP"]
[Source "lmi"]
[SourceDate "2009.07.18"]

1. d4 d5 2. Nf3 e6 3. g3 c5 4. Bg2 Nf6 5. O-O Be7 6. c4 O-O 7. Qc2 Qb6 8. dxc5
Qxc5 9. Be3 Qxc4 10. Qxc4 dxc4 11. Ne5 Nd5 12. Bd4 Nc6 13. Nxc6 bxc6 14. Nc3 f6
15. f4 Rd8 16. Rfd1 Bb7 17. Na4 Nb4 18. Bc5 Kf7 19. Bxe7 Kxe7 20. Nc5 Rab8 21.
Rxd8 Kxd8 22. Nxe6+ Ke7 23. Nc5 Ba8 24. Rd1 Nd5 25. Rd2 Rb5 1/2-1/2

[Event "10. Open Internacional de Galapagar"]
[Site "Galapagar ESP"]
[Date "2009.07.23"]
[Round "6.31"]
[White "Rojas Pozo, Jose Luis"]
[Black "Gonzalo Gonzalez, Francisco"]
[Result "0-1"]
[WhiteElo "1954"]
[BlackElo "1853"]
[PlyCount "78"]
[EventDate "2009.07.18"]
[EventType "swiss"]
[EventRounds "9"]
[EventCountry "ESP"]
[Source "lmi"]
[SourceDate "2009.07.18"]

1. e4 c5 2. Nf3 Nc6 3. d4 cxd4 4. Nxd4 d6 5. Nc3 g6 6. Be3 Bg7 7. Qd2 Nf6 8. f3
Bd7 9. O-O-O a6 10. g4 b5 11. g5 Nh5 12. Nxc6 Bxc6 13. Bd4 Qa5 14. Kb1 O-O 15.
Nd5 Qd8 16. Bxg7 Nxg7 17. f4 Bxd5 18. Qxd5 Nh5 19. f5 Rc8 20. Qd2 Qb6 21. Bd3
Rc7 22. Rhf1 a5 23. Be2 Ng7 24. Bg4 Ne8 25. Rfe1 Rc5 26. h4 Ng7 27. f6 exf6 28.
gxf6 Nh5 29. Rf1 Qd8 30. Qxd6 Qxd6 31. Rxd6 Re8 32. Rfd1 h6 33. Rd8 Nxf6 34.
Rxe8+ Nxe8 35. Rd8 Kf8 36. Ra8 Re5 37. Kc1 Rxe4 38. Bd7 b4 39. Kd2 Rd4+ 0-1

[Event "10. Open Internacional de Galapagar"]
[Site "Galapagar ESP"]
[Date "2009.07.23"]
[Round "6.34"]
[White "Bolea Olivan, Jose Angel"]
[Black "Olias Munoz, Francisco"]
[Result "0-1"]
[WhiteElo "1831"]
[BlackElo "1929"]
[PlyCount "72"]
[EventDate "2009.07.18"]
[EventType "swiss"]
[EventRounds "9"]
[EventCountry "ESP"]
[Source "lmi"]
[SourceDate "2009.07.18"]

1. d4 Nf6 2. c4 c5 3. d5 e6 4. Nc3 exd5 5. cxd5 d6 6. e4 g6 7. f4 Bg7 8. Bb5+
Nfd7 9. a4 O-O 10. Nf3 a6 11. Bd3 Nf6 12. O-O Bg4 13. a5 Nbd7 14. Qb3 Bxf3 15.
Rxf3 Qc7 16. Bd2 Rfe8 17. Qa2 Re7 18. Re1 Rae8 19. Rfe3 Ng4 20. R3e2 Bd4+ 21.
Be3 Nxe3 22. Rxe3 Nf6 23. Kf1 c4 24. Bc2 Bxe3 25. Rxe3 Qc5 26. Re2 Ng4 27. h3
Nh2+ 28. Ke1 Qg1+ 29. Kd2 Nf1+ 30. Kd1 Ng3+ 31. Re1 Qxg2 32. Qxc4 Qf3+ 33. Kc1
Qxf4+ 34. Kb1 f5 35. Ba4 Nxe4 36. Ka1 Nxc3 0-1

[Event "10. Open Internacional de Galapagar"]
[Site "Galapagar ESP"]
[Date "2009.07.23"]
[Round "6.37"]
[White "Cavalle Pulla, Daniel"]
[Black "Perez Marco, Ricardo"]
[Result "0-1"]
[WhiteElo "1785"]
[BlackElo "2183"]
[PlyCount "98"]
[EventDate "2009.07.18"]
[EventType "swiss"]
[EventRounds "9"]
[EventCountry "ESP"]
[Source "lmi"]
[SourceDate "2009.07.18"]

1. e4 c5 2. Nf3 a6 3. d4 cxd4 4. Nxd4 Nf6 5. Nc3 d6 6. Be2 e6 7. O-O Be7 8. Kh1
O-O 9. f4 Qc7 10. Be3 Nc6 11. Qe1 Nxd4 12. Bxd4 e5 13. fxe5 dxe5 14. Qg3 Nd7
15. Nd5 Qd6 16. Be3 Bd8 17. c3 Qg6 18. Qxg6 hxg6 19. Bg4 Nf6 20. Nxf6+ Bxf6 21.
Bxc8 Raxc8 22. Rad1 Rfd8 23. Bb6 Rxd1 24. Rxd1 Rc4 25. Re1 Bg5 26. g3 Rc6 27.
Be3 Bxe3 28. Rxe3 Rd6 29. Re2 f6 30. Kg2 Kf7 31. g4 Ke6 32. Kf2 Rd1 33. Kg2 f5
34. gxf5+ gxf5 35. exf5+ Kxf5 36. Kg3 Rd3+ 37. Kf2 Kf4 38. c4 e4 39. Rc2 Rh3
40. Kg2 Rh5 41. Kf1 e3 42. Rg2 g5 43. Ke2 Rh7 44. b4 Rd7 45. Ke1 Rd4 46. h3 Kf5
47. Rg3 Rxc4 48. Rxe3 Rxb4 49. Re2 Re4 0-1

[Event "10. Open Internacional de Galapagar"]
[Site "Galapagar ESP"]
[Date "2009.07.23"]
[Round "6.38"]
[White "Arbunic Castro, Giovanna B"]
[Black "Algaba Traspuesto, Jose Antonio"]
[Result "1-0"]
[WhiteElo "2105"]
[BlackElo "1746"]
[PlyCount "81"]
[EventDate "2009.07.18"]
[EventType "swiss"]
[EventRounds "9"]
[EventCountry "ESP"]
[Source "lmi"]
[SourceDate "2009.07.18"]

1. e4 e6 2. d4 d5 3. e5 c5 4. c3 Nc6 5. Nf3 Qb6 6. a3 Nh6 7. b4 cxd4 8. Bxh6
gxh6 9. cxd4 Bg7 10. Bd3 Bd7 11. Bc2 a5 12. bxa5 Qb2 13. Nbd2 Nxd4 14. Nxd4
Qxd4 15. O-O Bxe5 16. Qe2 Qf4 17. g3 Qf6 18. Rab1 Bc6 19. Nb3 Bd6 20. Bd3 O-O
21. Bb5 Rfc8 22. a4 Qe5 23. Qd2 h5 24. Rfe1 Qg7 25. Rec1 h4 26. a6 Bxb5 27.
axb7 Rxc1+ 28. Rxc1 Rf8 29. axb5 hxg3 30. fxg3 f5 31. Nd4 Qg6 32. Rc6 e5 33.
Nf3 f4 34. Qxd5+ Kh8 35. Qxd6 Qb1+ 36. Kg2 Qb2+ 37. Nd2 f3+ 38. Kf2 Kg8 39.
Qxf8+ Kxf8 40. b8=Q+ Kf7 41. Qb7+ 1-0

[Event "10. Open Internacional de Galapagar"]
[Site "Galapagar ESP"]
[Date "2009.07.23"]
[Round "6.39"]
[White "Diaz Begonte, Manuel"]
[Black "Perez Cameselle, Francisco Jose"]
[Result "1-0"]
[WhiteElo "1782"]
[BlackElo "1958"]
[PlyCount "89"]
[EventDate "2009.07.18"]
[EventType "swiss"]
[EventRounds "9"]
[EventCountry "ESP"]
[Source "lmi"]
[SourceDate "2009.07.18"]

1. e4 e6 2. c4 d5 3. exd5 exd5 4. d4 c6 5. Nf3 Bd6 6. c5 Bc7 7. Bd3 Ne7 8. O-O
Bg4 9. Re1 h6 10. b4 O-O 11. Nbd2 Nd7 12. Qc2 Bh5 13. a4 Bg6 14. Ne5 Bxd3 15.
Qxd3 Bxe5 16. dxe5 a5 17. Nb3 axb4 18. Bb2 b6 19. Bd4 bxc5 20. Nxc5 Nxc5 21.
Bxc5 Qd7 22. Bxb4 Rfb8 23. Bc5 Nc8 24. a5 Rb5 25. Qd4 Rbxa5 26. Rxa5 Rxa5 27.
h3 Na7 28. Qc3 Ra6 29. f4 Nb5 30. Qd3 d4 31. f5 Qd5 32. e6 fxe6 33. fxe6 Ra2
34. Qg6 Rxg2+ 35. Qxg2 Qxc5 36. e7 d3+ 37. Kh1 Nd6 38. e8=Q+ Nxe8 39. Rxe8+ Kf7
40. Re1 Qc3 41. Qf3+ Kg8 42. Rd1 Qe5 43. Rxd3 c5 44. Rd8+ Kh7 45. Qd3+ 1-0

[Event "10. Open Internacional de Galapagar"]
[Site "Galapagar ESP"]
[Date "2009.07.23"]
[Round "6.42"]
[White "Bolea Jover, Jose"]
[Black "Fernandez Gil, Ruben Carlos"]
[Result "1-0"]
[WhiteElo "1879"]
[BlackElo "1596"]
[PlyCount "41"]
[EventDate "2009.07.18"]
[EventType "swiss"]
[EventRounds "9"]
[EventCountry "ESP"]
[Source "lmi"]
[SourceDate "2009.07.18"]

1. e4 e6 2. d4 d5 3. exd5 exd5 4. c4 c6 5. Nc3 Nf6 6. Nf3 Bb4 7. Bg5 Bg4 8.
cxd5 cxd5 9. Qa4+ Nc6 10. Ne5 Bxc3+ 11. bxc3 Bd7 12. Bb5 Qe7 13. O-O Qd6 14.
Nxd7 Kxd7 15. Bd3 Rae8 16. Rab1 Rb8 17. Bh4 Nh5 18. c4 dxc4 19. Bxc4 Nf6 20. d5
Nxd5 21. Bxd5 1-0

[Event "10. Open Internacional de Galapagar"]
[Site "Galapagar ESP"]
[Date "2009.07.24"]
[Round "7.1"]
[White "Gomez Garrido, Camilo"]
[Black "Roa Alonso, Santiago"]
[Result "1-0"]
[WhiteElo "2461"]
[BlackElo "2445"]
[PlyCount "83"]
[EventDate "2009.07.18"]
[EventType "swiss"]
[EventRounds "9"]
[EventCountry "ESP"]
[Source "lmi"]
[SourceDate "2009.07.18"]

1. e4 e5 2. Nf3 Nc6 3. Bb5 a6 4. Ba4 Nf6 5. O-O Be7 6. Re1 b5 7. Bb3 d6 8. c3
O-O 9. h3 Na5 10. Bc2 c5 11. d4 Qc7 12. d5 Bd7 13. Nbd2 c4 14. Nf1 Nb7 15. N3h2
Nc5 16. f4 a5 17. f5 b4 18. g4 h6 19. Kg2 Rfc8 20. h4 Nh7 21. Nf3 Qd8 22. Kh3
Bb5 23. Be3 b3 24. axb3 cxb3 25. Bb1 a4 26. Ra3 Nd7 27. Bd3 Qa5 28. Qe2 Bxd3
29. Qxd3 Nhf6 30. Ng3 Nc5 31. Bxc5 Qxc5 32. g5 hxg5 33. hxg5 Nh7 34. Qd2 Bd8
35. Kg4 Bb6 36. Qh2 Qf2 37. Qh5 Rxc3 38. bxc3 Qxe1 39. Nxe1 b2 40. Ra2 a3 41.
Nf3 Bg1 42. Nd2 1-0

[Event "10. Open Internacional de Galapagar"]
[Site "Galapagar ESP"]
[Date "2009.07.24"]
[Round "7.2"]
[White "Ortiz Suarez, Isam"]
[Black "Gomez Ledo, Roberto Carlos"]
[Result "1/2-1/2"]
[WhiteElo "2504"]
[BlackElo "2404"]
[PlyCount "189"]
[EventDate "2009.07.18"]
[EventType "swiss"]
[EventRounds "9"]
[EventCountry "ESP"]
[Source "lmi"]
[SourceDate "2009.07.18"]

1. e4 e5 2. Nf3 Nc6 3. Bb5 a6 4. Ba4 Nf6 5. O-O Be7 6. d3 b5 7. Bb3 d6 8. a4
Rb8 9. h3 O-O 10. Nbd2 Nd7 11. axb5 axb5 12. c3 Bf6 13. Re1 Nc5 14. Bc2 d5 15.
b4 dxe4 16. Nxe4 Nxe4 17. dxe4 Be6 18. Ra6 Qxd1 19. Rxd1 Ne7 20. Be3 Ra8 21.
Rda1 Rxa6 22. Rxa6 h6 23. Bc5 Rd8 24. Ra7 Rd7 25. Rb7 Ng6 26. Rxb5 Nf4 27. Be3
Ne2+ 28. Kh2 Nxc3 29. Rc5 Na2 30. Ba4 Rd3 31. Bd2 Ra3 32. Bd1 Be7 33. Rxc7 Bxb4
34. Bxb4 Nxb4 35. Nxe5 Nd3 36. Nxd3 Rxd3 37. Bc2 Rd4 38. Kg3 Rc4 39. Rxc4 Bxc4
40. h4 Kf8 41. Kf4 Ke7 42. Ke5 Be6 43. f4 f6+ 44. Kd4 Bg4 45. Bb3 Bh5 46. g3
Bg4 47. Bd5 Bd1 48. Bc6 Bh5 49. Bb7 Bg4 50. Ba6 Kd6 51. Bf1 Ke7 52. Ke3 Kd6 53.
Be2 Be6 54. Kd4 Bb3 55. Bg4 Ba2 56. Bf5 Bb3 57. g4 Ke7 58. Kc5 Ba2 59. Bc8 Bb3
60. Bb7 Bd1 61. Bc8 Bb3 62. g5 fxg5 63. hxg5 hxg5 64. fxg5 Ba2 65. Ba6 Be6 66.
Bc4 Bh3 67. Kd5 Be6+ 68. Kd4 Bh3 69. Ke5 Bc8 70. Bg8 Bh3 71. Bh7 Be6 72. Bf5
Bf7 73. Bg4 Bg6 74. Bc8 Bh7 75. Bb7 Bg6 76. Bd5 Kd7 77. Be6+ Ke7 78. Bf5 Bf7
79. Kf4 Kd6 80. Bg4 Bg6 81. Bc8 Ke7 82. Bf5 Bf7 83. Bh7 Be6 84. Ke5 Bg4 85. Bf5
Bh5 86. Bc8 Bg6 87. Bg4 Bf7 88. Kf5 Be6+ 89. Kf4 Bf7 90. Bf5 Bh5 91. Bh7 Be8
92. Kf5 Bf7 93. e5 Bb3 94. Kg6 Kf8 95. Kh5 1/2-1/2

[Event "10. Open Internacional de Galapagar"]
[Site "Galapagar ESP"]
[Date "2009.07.24"]
[Round "7.3"]
[White "Moreno Ruiz, Javier"]
[Black "Garrido Dominguez, Jesus"]
[Result "1-0"]
[WhiteElo "2418"]
[BlackElo "2333"]
[PlyCount "123"]
[EventDate "2009.07.18"]
[EventType "swiss"]
[EventRounds "9"]
[EventCountry "ESP"]
[Source "lmi"]
[SourceDate "2009.07.18"]

1. c4 d6 2. g3 g6 3. Bg2 Bg7 4. Nc3 Nf6 5. e4 O-O 6. Nge2 e5 7. O-O Nbd7 8. d3
a5 9. h3 Nc5 10. f4 c6 11. Be3 Qe7 12. Qd2 Nfd7 13. f5 Nb6 14. g4 f6 15. Ng3 g5
16. b3 Ncd7 17. Rab1 Ra6 18. h4 h6 19. Nh5 Na8 20. Rf3 Nc7 21. Rh3 Rf7 22. Bf3
Kf8 23. Kg2 Ke8 24. hxg5 hxg5 25. Nxg7+ Rxg7 26. Rh8+ Nf8 27. d4 exd4 28. Bxd4
c5 29. Bf2 Rh7 30. Rxh7 Qxh7 31. Nb5 Qd7 32. Rd1 Nxb5 33. cxb5 Qxb5 34. Be2 Qc6
35. Bxa6 bxa6 36. Qxd6 Qxe4+ 37. Kh2 Qxg4 38. Re1+ Kf7 39. Re7+ Kg8 40. Qd5+
Kh8 41. Qd8 Qh5+ 42. Kg1 Kg8 43. Qd5+ Kh8 44. Qf7 Qxf7 45. Rxf7 Nh7 46. Ra7
Bxf5 47. Rxa6 Kg7 48. Rxa5 g4 49. Rxc5 Be4 50. Be3 Nf8 51. Rc7+ Kg6 52. a4 f5
53. Kf2 Bd5 54. a5 f4 55. Bxf4 Ne6 56. Rd7 Nxf4 57. a6 Bf3 58. a7 Ne6 59. b4
Kf6 60. b5 Nc5 61. Rc7 Na4 62. Rc6+ 1-0

[Event "10. Open Internacional de Galapagar"]
[Site "Galapagar ESP"]
[Date "2009.07.24"]
[Round "7.4"]
[White "Castano Vanegas, Henry Augusto"]
[Black "Guerra Mendez, Jose Angel"]
[Result "0-1"]
[WhiteElo "2237"]
[BlackElo "2408"]
[PlyCount "88"]
[EventDate "2009.07.18"]
[EventType "swiss"]
[EventRounds "9"]
[EventCountry "ESP"]
[Source "lmi"]
[SourceDate "2009.07.18"]

1. e4 c5 2. Nf3 d6 3. Bb5+ Nc6 4. Bxc6+ bxc6 5. O-O Bg4 6. Re1 e5 7. c3 Nf6 8.
d4 Nd7 9. Nbd2 Be7 10. h3 Be6 11. Qe2 O-O 12. dxe5 dxe5 13. Nc4 f6 14. Nh4 g6
15. Nf3 Qc7 16. Nh2 Nb6 17. Ne3 Kh8 18. Nhg4 Rad8 19. b3 a5 20. Bb2 a4 21. Qc2
h5 22. Nh2 c4 23. bxc4 a3 24. Bc1 Nxc4 25. Nxc4 Bxc4 26. Bh6 Rfe8 27. Be3 Qd6
28. Red1 Qe6 29. Rxd8 Rxd8 30. f3 Rb8 31. Bc1 Bc5+ 32. Kh1 Qd6 33. f4 Rd8 34.
Nf3 Qd1+ 35. Qxd1 Rxd1+ 36. Kh2 Be3 37. Bxe3 Rxa1 38. fxe5 Rxa2 39. exf6 Re2
40. Bd2 Kg8 41. Ne5 a2 42. Nxc4 a1=Q 43. Ne5 Qf1 44. f7+ Kh7 0-1

[Event "10. Open Internacional de Galapagar"]
[Site "Galapagar ESP"]
[Date "2009.07.24"]
[Round "7.5"]
[White "Pascual Palomo, Lucia"]
[Black "Candela Perez, Jose"]
[Result "0-1"]
[WhiteElo "2116"]
[BlackElo "2408"]
[PlyCount "58"]
[EventDate "2009.07.18"]
[EventType "swiss"]
[EventRounds "9"]
[EventCountry "ESP"]
[Source "lmi"]
[SourceDate "2009.07.18"]

1. e4 c5 2. Nf3 d6 3. d4 cxd4 4. Nxd4 Nf6 5. Nc3 a6 6. Be2 e6 7. O-O Be7 8. Be3
Qc7 9. a4 O-O 10. a5 Nbd7 11. f4 b5 12. axb6 Nxb6 13. Re1 Bb7 14. Bd3 d5 15. e5
Ne4 16. Qh5 g6 17. Qg4 Nc4 18. Bxc4 dxc4 19. f5 h5 20. Qh3 exf5 21. Nxf5 gxf5
22. Qxf5 Nxc3 23. bxc3 Qc6 24. Re2 Rad8 25. Bd4 Qg6 26. Qf2 Kh7 27. Rf1 Bd5 28.
Re3 Rg8 29. Rg3 Bh4 0-1

[Event "10. Open Internacional de Galapagar"]
[Site "Galapagar ESP"]
[Date "2009.07.24"]
[Round "7.6"]
[White "Fernandez Garcia, Miguel Angel"]
[Black "Fernandez Blazquez, Diego"]
[Result "1/2-1/2"]
[WhiteElo "2269"]
[BlackElo "2108"]
[PlyCount "100"]
[EventDate "2009.07.18"]
[EventType "swiss"]
[EventRounds "9"]
[EventCountry "ESP"]
[Source "lmi"]
[SourceDate "2009.07.18"]

1. d4 Nf6 2. Nf3 g6 3. Bg5 Bg7 4. Nbd2 d5 5. e3 c5 6. c3 b6 7. Bb5+ Bd7 8. Bd3
O-O 9. O-O Nc6 10. Re1 Bg4 11. h3 Bxf3 12. Nxf3 Ne4 13. Bf4 c4 14. Bc2 b5 15.
Bh2 f5 16. Nd2 b4 17. Nxe4 fxe4 18. Ba4 Rf6 19. Bxc6 Rxc6 20. cxb4 Qb6 21. Qa4
a6 22. Rac1 e6 23. Rc2 Bf8 24. a3 Be7 25. Rec1 Ra7 26. Be5 Rb7 27. f3 exf3 28.
gxf3 Rc8 29. Rg2 a5 30. bxa5 Qb3 31. Qxb3 Rxb3 32. Rc3 Bd8 33. Rgc2 Rxc3 34.
bxc3 Rc6 35. Kf2 Bxa5 36. Bf6 Kf7 37. Bh4 Ke8 38. e4 dxe4 39. fxe4 Rb6 40. Ke3
Rb3 41. Be1 Rxa3 42. d5 Bb6+ 43. Kf3 Ra1 44. Ke2 exd5 45. exd5 Kd7 46. Rb2 Bc5
47. Rb7+ Kd6 48. Rxh7 Kxd5 49. Rg7 Ra6 50. Bg3 Ke4 1/2-1/2

[Event "10. Open Internacional de Galapagar"]
[Site "Galapagar ESP"]
[Date "2009.07.24"]
[Round "7.7"]
[White "Paarup, Torsten"]
[Black "Prada Lopez, Miguel Angel"]
[Result "0-1"]
[WhiteElo "2029"]
[BlackElo "2151"]
[PlyCount "116"]
[EventDate "2009.07.18"]
[EventType "swiss"]
[EventRounds "9"]
[EventCountry "ESP"]
[Source "lmi"]
[SourceDate "2009.07.18"]

1. d4 Nf6 2. c4 g6 3. Nc3 Bg7 4. e4 d6 5. Nf3 O-O 6. Be2 Na6 7. O-O e5 8. d5
Nc5 9. Nd2 a5 10. b3 Bh6 11. Qc2 Ne8 12. a3 f5 13. Rb1 Nf6 14. b4 axb4 15. axb4
Bxd2 16. bxc5 Bxc3 17. Qxc3 Nxe4 18. Qb2 Nxc5 19. f4 Qf6 20. Be3 b6 21. Ra1 Bd7
22. Rxa8 Rxa8 23. Ra1 Na4 24. Qd2 Re8 25. Bd1 exf4 26. Bd4 Re1+ 27. Kf2 Qh4+
28. g3 Rxd1 29. Rxd1 Qxh2+ 30. Kf1 Qxd2 31. Rxd2 fxg3 32. Kg2 f4 33. Kf3 g5 34.
Bf6 h6 35. Bd8 c6 36. Re2 cxd5 37. cxd5 b5 38. Re7 Bh3 39. Bc7 Nc3 40. Bxd6 g4+
41. Kxf4 Nxd5+ 42. Kxg3 Nxe7 43. Bxe7 Kf7 44. Bb4 Kg6 45. Kf4 h5 46. Be7 Bf1
47. Bb4 Be2 48. Be1 Bd1 49. Kg3 Kf5 50. Bb4 Ke4 51. Be1 Kd4 52. Kf4 Kc4 53. Ke3
b4 54. Kd2 Ba4 55. Kc1 b3 56. Kb2 Be8 57. Bh4 Bf7 58. Bf6 g3 0-1

[Event "10. Open Internacional de Galapagar"]
[Site "Galapagar ESP"]
[Date "2009.07.24"]
[Round "7.8"]
[White "Moreno Torrero, Javier"]
[Black "Almagro Llamas, Pablo"]
[Result "0-1"]
[WhiteElo "2060"]
[BlackElo "2481"]
[PlyCount "138"]
[EventDate "2009.07.18"]
[EventType "swiss"]
[EventRounds "9"]
[EventCountry "ESP"]
[Source "lmi"]
[SourceDate "2009.07.18"]

1. d4 d5 2. Nf3 Nf6 3. e3 Bf5 4. c4 c6 5. Nc3 e6 6. Nh4 Be4 7. f3 Bg6 8. Nxg6
hxg6 9. Qb3 Qc7 10. cxd5 exd5 11. Bd2 Bd6 12. h3 Nbd7 13. O-O-O Nh5 14. Bd3 Ng3
15. Rhe1 Qb6 16. e4 dxe4 17. fxe4 Qxb3 18. axb3 Nf8 19. e5 Bb4 20. Ne4 Bxd2+
21. Rxd2 Nxe4 22. Bxe4 Ke7 23. b4 Ne6 24. b5 Rad8 25. d5 cxd5 26. Bxd5 b6 27.
Re3 Nc7 28. Bc6 Rxd2 29. Kxd2 Rd8+ 30. Ke2 Ne6 31. Ra3 Nd4+ 32. Kf1 a5 33. Be4
Rc8 34. Rd3 Rc4 35. Bd5 Rc1+ 36. Kf2 Rc2+ 37. Kf1 Nxb5 38. Rf3 f6 39. exf6+
gxf6 40. Rb3 Nc7 41. Be4 Rc1+ 42. Kf2 f5 43. Bd3 Rc6 44. g4 Kf6 45. gxf5 gxf5
46. Kg3 Ne6 47. Rb5 Nc5 48. Bc2 Ke5 49. b4 axb4 50. Rxb4 Ne4+ 51. Bxe4 fxe4 52.
Kf2 Kf4 53. Rb2 Rh6 54. Rb3 Rc6 55. Rb2 b5 56. Rxb5 Rc2+ 57. Ke1 Kf3 58. Rf5+
Ke3 59. Kd1 Rh2 60. Rf8 Rxh3 61. Rf7 Rh1+ 62. Kc2 Ke2 63. Rf4 e3 64. Rf7 Rh8
65. Rc7 Rd8 66. Rc6 Ke1 67. Rc7 e2 68. Rc6 Rf8 69. Re6 Kf1 0-1

[Event "10. Open Internacional de Galapagar"]
[Site "Galapagar ESP"]
[Date "2009.07.24"]
[Round "7.9"]
[White "Rodriguez Perez, Angel Mariano"]
[Black "Perez Gonzalez, Jose Manuel"]
[Result "0-1"]
[WhiteElo "2053"]
[BlackElo "2307"]
[PlyCount "73"]
[EventDate "2009.07.18"]
[EventType "swiss"]
[EventRounds "9"]
[EventCountry "ESP"]
[Source "lmi"]
[SourceDate "2009.07.18"]

1. e4 c5 2. Nf3 d6 3. d4 cxd4 4. Nxd4 Nf6 5. Nc3 e6 6. Be2 a6 7. Be3 Nc6 8. Nb3
b5 9. f3 Bb7 10. a4 b4 11. Na2 d5 12. e5 Nxe5 13. Nc5 Qb6 14. a5 Qa7 15. Nxa6
Qxe3 16. Nc7+ Kd8 17. Nxa8 Bxa8 18. c3 bxc3 19. Nxc3 Bc5 20. Rf1 d4 21. f4 Ned7
22. Na2 Bxg2 23. Rf2 Be4 24. b4 Ng4 25. Rf1 Be7 26. Qd2 d3 27. Qxe3 Nxe3 28.
Kd2 dxe2 29. Rfc1 Nd5 30. b5 Bf6 31. b6 N5xb6 32. Nc3 Nc4+ 33. Kxe2 Bc6 34. Ra2
Ke7 35. a6 Ra8 36. a7 Nd6 37. Rd2 0-1

[Event "10. Open Internacional de Galapagar"]
[Site "Galapagar ESP"]
[Date "2009.07.24"]
[Round "7.10"]
[White "Sanchez Gonzalez, Sergio"]
[Black "Sotoca Aguado, Jose"]
[Result "1-0"]
[WhiteElo "2305"]
[BlackElo "2023"]
[PlyCount "51"]
[EventDate "2009.07.18"]
[EventType "swiss"]
[EventRounds "9"]
[EventCountry "ESP"]
[Source "lmi"]
[SourceDate "2009.07.18"]

1. c4 Nf6 2. Nc3 e6 3. e4 Bb4 4. e5 Ng8 5. Qg4 Kf8 6. d4 d5 7. Bg5 Bxc3+ 8.
bxc3 Qd7 9. Nf3 dxc4 10. Bxc4 h5 11. Qg3 Qc6 12. Nd2 b5 13. Bb3 a5 14. O-O Nh6
15. Bc2 Bb7 16. Be4 Qb6 17. Rab1 Bxe4 18. Nxe4 Nf5 19. Qd3 c6 20. a4 b4 21. Nc5
Ne7 22. cxb4 axb4 23. Bxe7+ Kxe7 24. Qc4 Na6 25. Nxa6 Qxa6 26. Qxb4+ 1-0

[Event "10. Open Internacional de Galapagar"]
[Site "Galapagar ESP"]
[Date "2009.07.24"]
[Round "7.11"]
[White "Beltran de Heredia Eguiaz, Miguel A"]
[Black "Longa Yauca, Javier"]
[Result "0-1"]
[WhiteElo "2041"]
[BlackElo "2293"]
[PlyCount "74"]
[EventDate "2009.07.18"]
[EventType "swiss"]
[EventRounds "9"]
[EventCountry "ESP"]
[Source "lmi"]
[SourceDate "2009.07.18"]

1. e4 Nf6 2. e5 Nd5 3. d4 d6 4. c4 Nb6 5. exd6 cxd6 6. d5 e5 7. Nc3 Bf5 8. Nf3
Be7 9. Be2 O-O 10. Be3 N8d7 11. O-O Re8 12. Nd2 Bg6 13. f4 exf4 14. Bxf4 Nc5
15. Nf3 Bf6 16. Nd4 Ne4 17. Ndb5 a6 18. Nxe4 Rxe4 19. Nc3 Bxc3 20. bxc3 Qe7 21.
Qb3 Nd7 22. Bg4 f5 23. Bh3 b5 24. cxb5 Nc5 25. Qb1 axb5 26. Qxb5 Qa7 27. Kh1
Rb8 28. Qc6 Rb6 29. Bxd6 Rxc6 30. dxc6 Nd3 31. Bg3 Ne5 32. Bxe5 Rxe5 33. Rfd1
Qc7 34. a4 Be8 35. a5 Rxa5 36. Bxf5 Rxf5 37. Ra8 Re5 0-1

[Event "10. Open Internacional de Galapagar"]
[Site "Galapagar ESP"]
[Date "2009.07.24"]
[Round "7.12"]
[White "Rodriguez Garcia, Jose Maria"]
[Black "Adan Bermudez, Sergio"]
[Result "0-1"]
[WhiteElo "2019"]
[BlackElo "2265"]
[PlyCount "64"]
[EventDate "2009.07.18"]
[EventType "swiss"]
[EventRounds "9"]
[EventCountry "ESP"]
[Source "lmi"]
[SourceDate "2009.07.18"]

1. d4 Nf6 2. Nf3 e6 3. Nbd2 c5 4. e3 d5 5. c3 Nc6 6. Bd3 Bd6 7. O-O O-O 8. dxc5
Bxc5 9. e4 e5 10. exd5 Nxd5 11. Ne4 Be7 12. Nfg5 h6 13. Nh3 f5 14. Bc4 Be6 15.
Ng3 Na5 16. Bd3 e4 17. Bc2 Nc4 18. Qe2 Qc7 19. Nxe4 fxe4 20. Qxe4 Rf6 21. Ng5
hxg5 22. Bxg5 Nf4 23. Bxf6 Bxf6 24. Rfe1 Nd2 25. Qh7+ Kf7 26. Rxe6 Kxe6 27.
Re1+ Kf7 28. Bd1 Qc6 29. Bh5+ Nxh5 30. Qxh5+ Kg8 31. b4 Bxc3 32. Re7 Rf8 0-1

[Event "10. Open Internacional de Galapagar"]
[Site "Galapagar ESP"]
[Date "2009.07.24"]
[Round "7.13"]
[White "Ramirez Garcia, Jorge Alberto"]
[Black "Julian Sierra, Rogelio"]
[Result "1/2-1/2"]
[WhiteElo "2203"]
[BlackElo "2014"]
[PlyCount "127"]
[EventDate "2009.07.18"]
[EventType "swiss"]
[EventRounds "9"]
[EventCountry "ESP"]
[Source "lmi"]
[SourceDate "2009.07.18"]

1. e4 d5 2. exd5 Nf6 3. Bb5+ Bd7 4. Be2 Nxd5 5. d4 Bf5 6. a3 g6 7. Nf3 Bg7 8.
O-O O-O 9. Re1 c6 10. c4 Nf6 11. Bf4 Nbd7 12. b4 Nh5 13. Bg5 h6 14. Be3 Qc7 15.
Qd2 Nhf6 16. Nc3 Kh7 17. Nh4 Ne4 18. Nxe4 Bxe4 19. f3 Bf5 20. g4 Be6 21. Bf4
Qd8 22. d5 Bxa1 23. Rxa1 cxd5 24. cxd5 Bxd5 25. Bxh6 Qb6+ 26. Kh1 Qe6 27. Rd1
Rfd8 28. Qg5 Qe5 29. Qd2 Nf6 30. Bf4 Bxf3+ 31. Nxf3 Rxd2 32. Nxe5 Rxe2 33. Nxf7
Nxg4 34. Ng5+ Kg7 35. Kg1 Rf8 36. Bg3 Rf5 37. Nh3 Ne3 38. Rc1 g5 39. Nf2 Rd5
40. Ne4 Nf5 41. Nc3 Nxg3 42. Nxd5 Re5 43. hxg3 Rxd5 44. Rc7 Kf6 45. Rxb7 a5 46.
Kf2 Rd3 47. Rb6+ e6 48. Rb5 Rxa3 49. bxa5 e5 50. g4 Ra4 51. Kf3 Rf4+ 52. Kg3
Ra4 53. Rb6+ Kf7 54. a6 Ra3+ 55. Kf2 Ra4 56. Rb7+ Ke6 57. a7 Ra3 58. Ke2 Kd5
59. Kf2 Ke4 60. Rb4+ Kd5 61. Rb7 Ke4 62. Rb4+ Kd5 63. Rb7 Ke4 64. Rb4+ 1/2-1/2